<?xml version="1.0" encoding="UTF-8"?>
<record
    xmlns:xsi="http://www.w3.org/2001/XMLSchema-instance"
    xsi:schemaLocation="http://www.loc.gov/MARC21/slim http://www.loc.gov/standards/marcxml/schema/MARC21slim.xsd"
    xmlns="http://www.loc.gov/MARC21/slim">

  <leader>00577    a2200145   4500</leader>
  <datafield tag="245" ind1=" " ind2=" ">
    <subfield code="a">31 ways to change the world</subfield>
    <subfield code="b"> :  we are what we do</subfield>
    <subfield code="h">print</subfield>
  </datafield>
  <datafield tag="020" ind1=" " ind2=" ">
    <subfield code="a">9780763645069 (pbk.)</subfield>
  </datafield>
  <datafield tag="250" ind1=" " ind2=" ">
    <subfield code="a">1st U.S. ed..</subfield>
  </datafield>
  <datafield tag="700" ind1=" " ind2=" ">
    <subfield code="a">Taylor, Tanis.</subfield>
  </datafield>
  <datafield tag="650" ind1=" " ind2=" ">
    <subfield code="a">literature</subfield>
  </datafield>
  <controlfield tag="005">20191017173118.0</controlfield>
  <datafield tag="260" ind1=" " ind2=" ">
    <subfield code="a">mau</subfield>
    <subfield code="b">Candlewick Press</subfield>
    <subfield code="c">2010</subfield>
  </datafield>
  <datafield tag="084" ind1=" " ind2=" ">
    <subfield code="a">HM831 .T14 2010</subfield>
  </datafield>
  <datafield tag="300" ind1=" " ind2=" ">
    <subfield code="a">67 p. : ill. (chiefly col.) </subfield>
    <subfield code="b"> 23 cm.</subfield>
    <subfield code="c">67 p. : ill. (chiefly col.) ; 23 cm.</subfield>
  </datafield>
  <datafield tag="500" ind1=" " ind2=" ">
    <subfield code="a">produced by Nick Stanhope ; art direction and design by New Future Graphic ; writtten by Tanis Taylor and 4,386 children (more or less).</subfield>
  </datafield>
  <datafield tag="999" ind1=" " ind2=" ">
    <subfield code="c">9813</subfield>
    <subfield code="d">9813</subfield>
  </datafield>
</record>
